[Event "5th EKA IIFL Investment 2019"]
[Site "Mumbai"]
[Date "2020.01.04"]
[Round "6.6"]
[White "Taher, Yoseph Theolifus"]
[Black "Harshavardhan G B"]
[Result "1/2-1/2"]
[WhiteElo "2469"]
[BlackElo "2344"]
[Annotator "TA"]
[PlyCount "148"]
[EventDate "2019.12.30"]
[EventType "swiss"]
[EventCountry "IND"]
[SourceTitle "playchess.com"]
[Source "ChessBase"]
[SourceQuality "1"]

{[%evp 9,148,27,54,46,58,58,68,67,71,66,77,74,91,57,75,56,77,56,81,101,89,80,93,38,55,-56,0,-16,-8,-33,22,-35,30,40,44,20,56,56,48,0,20,-15,88,0,0,-27,-23,-26,72,66,1839,16,82,50,100,57,72,69,82,35,106,81,77,0,89,88,79,78,191,107,699,738,632,91,77,67,60,72,67,68,75,69,75,71,72,32,36,29,23,33,18,10,11,10,11,12,11,0,0,0,37,16,20,21,25,20,47,51,72,28,28,28,28,28,36,8,5,6,10,8,7,16,20,0,0,0,0,0,0,0,0,0,0,0,0,0,0,0,0,0,0]} 1. c4 Nf6 2. Nc3 e6 3. e4 e5 4. Nf3 Nc6 5. Be2 d6 (5... Bb4 6. Nd5 Bc5 7. d3 h6 8. a3 d6 9. b4 Bb6 10. Nxb6 axb6 11. Bb2 O-O 12. O-O Re8 {½-½ (40) Delchev,A (2598)-Papaioannou,I (2632) Porto Rio 2015}) 6. d4 {A18: English Opening: Flohr-Mikenas System (1 c4 Nf6 2 Nc3 e6 3 e4)} exd4 7. Nxd4 Be7 8. Be3 {White is slightly better.} O-O 9. O-O Nxd4 10. Bxd4 c6 11. Qd2 a6 12. Rfd1 Nd7 13. Qf4 $146 b5 14. Qg3 {[%csl Gd4][%cal Rg3g7] [#]} g6 15. Be3 Qa5 16. Bh6 (16. a3 $16) 16... Re8 17. a4 (17. a3 $14) 17... bxc4 (17... b4 $15 18. Nb1 Bf6 19. Qxd6 Re6) 18. Bxc4 Ne5 19. Ba2 (19. Be2 {is more complex.} Rb8 20. Rd2 Rb4 21. Rad1 Be6 22. f4) 19... Be6 ({Black should try} 19... Rb8 $15) 20. b4 ({Better is} 20. Bxe6 $11 fxe6 21. Bd2) 20... Qc7 (20... Qxb4 $15 21. Rab1 Qc5) 21. Rac1 $11 Qb7 22. Rb1 Rad8 23. Bxe6 fxe6 24. Ne2 Nf7 25. Be3 e5 (25... c5 $11) 26. Nc1 (26. h4 $16) 26... d5 27. Nd3 dxe4 28. Nc5 Bxc5 (28... Rxd1+ $11 {keeps the balance.} 29. Rxd1 Qxb4) 29. Bxc5 $16 Qb5 $2 {[%mdl 8192]} (29... Rd5 $14) 30. Qg4 $2 (30. Rxd8 $18 Rxd8 31. axb5 axb5 32. Qe3) 30... Qc4 (30... Rxd1+ $11 31. Qxd1 Qd3) 31. h4 {[%mdl 1024] White has strong compensation.} Qc2 32. Re1 Rd5 33. h5 $36 {[%mdl 2048] White has the initiative.} Kg7 34. Be3 Red8 ({Black should play} 34... Qxa4 $14 35. Qh4 Re6) 35. Rbc1 Qxa4 36. Qe6 (36. Bc5 $16) 36... R8d6 {[#]} ({Don't play} 36... gxh5 $6 37. Bc5 $16) (36... Qxb4 $11 37. h6+ Nxh6) 37. Qe7 $1 {[%mdl 512] White threatens h6+ and mate.} gxh5 38. Bc5 Rd8 (38... Rxc5 $16 {was necessary.} 39. bxc5 Rf6) 39. Kh2 ({Resist} 39. Rxe4 $6 Rd1+ 40. Rxd1 Qxd1+ 41. Kh2 Qd7 $14) (39. Qh4 $18) 39... Qa3 $2 {[%mdl 8192]} (39... R5d7 $16 40. Qe6 Rd6 41. Bxd6 Rxd6) 40. Re3 $18 Rd3 41. Rce1 $2 (41. Rd1 $18) 41... Qa2 $16 ({Wrong is} 41... Kg8 $2 42. Rxd3 Qxd3 43. Re3 $18) 42. Rxe4 R3d7 $1 {[%cal Rd7e7]} 43. Qh4 {Strongly threatening Be7.} Qe6 44. R1e3 Kh8 45. Qxh5 Rg8 46. Rh4 {[%csl Gh4][%cal Rh5h7]} h6 47. Reh3 Kh7 48. Be3 {[%cal Re3h6]} Rg6 49. Qe2 Qd5 {[%csl Gg6][%cal Rd5g2]} 50. Rg4 {And now Rxg6 would win.} Qd1 51. Qxd1 Rxd1 52. Rc4 Rd5 53. Bb6 Rb5 54. Ba5 Rd6 55. Rhc3 Nd8 56. Bxd8 Rxd8 57. Rxc6 $11 {[%mdl 4096] Endgame KRR-KRR} Rg8 58. Rxa6 Rxb4 59. Re6 Rf4 60. Kg1 Rf5 $1 61. Rc5 Rgg5 $1 62. Rc7+ Rg7 {The position is equal.} 63. Rcc6 h5 64. Rh6+ Kg8 65. Rc8+ Kf7 $1 66. Rch8 Rfg5 67. g3 e4 $1 68. Rxh5 Rxh5 69. Rxh5 {KR-KR} e3 $1 70. Ra5 exf2+ 71. Kxf2 Rg4 72. Kf3 Rb4 73. g4 Kg6 74. Kg3 Rb1 {Accuracy: White = 38%, Black = 48%.} 1/2-1/2

[Event "5th EKA IIFL Investment 2019"]
[Site "Mumbai"]
[Date "2020.01.04"]
[Round "6.7"]
[White "Mirzoev, Azer"]
[Black "Nitin, S.."]
[Result "0-1"]
[WhiteElo "2457"]
[BlackElo "2329"]
[Annotator "TA"]
[PlyCount "118"]
[EventDate "2019.12.30"]
[EventType "swiss"]
[EventCountry "IND"]
[SourceTitle "playchess.com"]
[Source "ChessBase"]
[SourceQuality "1"]

{[%evp 15,118,-5,25,3,31,31,38,23,66,22,22,0,0,-9,24,22,14,12,10,3,0,-2,0,-47,-35,-45,-8,-29,-15,-15,-16,-20,-10,-11,-22,-13,-11,-29,-26,-39,-36,-42,-20,-28,-28,-23,-25,-30,-20,-41,-45,-80,-15,-41,6,0,0,0,70,39,49,4,7,6,6,21,42,38,118,58,52,42,34,25,31,0,0,-192,-178,-322,-278,-290,-279,-289,-274,-5089,-512,-732,-708,-655,-260,-2079,-674,-3829,-2689,-4962,-4435,-4710,-4702,-2097,-2163,-29971,-29972,-29986,-29987]} 1. d4 Nf6 2. Nf3 g6 3. g3 Bg7 4. Bg2 O-O 5. O-O d6 6. Nbd2 c5 7. dxc5 dxc5 8. c3 Nc6 9. Nb3 {A49: 1 d4 Nf6 2 Nf3 g6 3 g3: Anti-King's Indian systems} (9. e4 Qd3 10. Re1 Rd8 11. Bf1 Qd7 12. h3 Qc7 13. Qc2 b6 14. a4 Nd7 15. Nc4 Nde5 16. Nfxe5 Nxe5 17. Nxe5 Bxe5 {1-0 (77) Petrosian,T (2592)-Mamedyarov,S (2754) ICC INT 2007}) 9... Nd7 10. Qd5 e6 11. Qd6 {White is slightly better.} Re8 12. Be3 (12. Nxc5 $2 Bf8 $19) (12. Bg5 $5 {[%cal Rg5d8]} Qb6 13. Nfd2 $14) 12... Bf8 13. Qf4 $146 ({Predecessor:} 13. Qd2 a5 14. a4 b6 15. Rfd1 Ra7 16. Bh6 Nde5 17. Bxf8 Rxf8 18. Qxd8 Nxf3+ 19. Bxf3 Nxd8 {½-½ (53) Benes,M (1994)-Weglarz,L (2262) Stare Mesto 2009}) 13... e5 14. Qe4 Qe7 ({Don't play} 14... Nf6 $6 15. Qh4 $16) 15. Rfd1 h6 16. Nfd2 f5 $1 {[%cal Rf5e4]} 17. Qa4 e4 18. Nc4 Qe6 19. Nba5 Nxa5 20. Nxa5 Ne5 21. Bf4 Nf7 22. b4 $1 b6 23. Nb3 $1 Bb7 24. bxc5 bxc5 25. Be3 Rec8 26. Qa5 {[%cal Re3c5]} Qb6 27. Rab1 Ba6 $36 {[%mdl 2048] Black has the initiative.} 28. Bf1 Ne5 29. Qa3 Nc4 30. Qc1 Nxe3 31. Qxe3 Rab8 32. Qf4 {Nxc5! is the strong threat.} Qf6 33. Rd7 g5 ({Black should try} 33... c4 $1 $17 {[%cal Rc4b3]} 34. Nd2 Rxb1 35. Nxb1 Qe6) 34. Qc1 Bb5 35. Rxa7 Qb6 36. Ra3 Qe6 (36... Qd8 $11) 37. Ra5 Bc4 38. e3 Bd3 $1 {[%cal Rd3b1]} 39. Bxd3 exd3 40. c4 Rb4 41. Nd2 Rd8 (41... f4 $14 42. e4 (42. exf4 gxf4 43. a3 Rxb1 $11) 42... Qb6 43. Rxb4 Qxa5) 42. Rb5 (42. Rxb4 $16 cxb4 43. Qb2) 42... f4 $14 43. R5xb4 cxb4 44. exf4 gxf4 45. Nb3 Qe2 46. Qd1 $2 (46. Rb2 $11 {and White has nothing to worry.}) 46... f3 {White must now prevent ...d2.} 47. Nd2 {[#]} (47. Qd2 $142) 47... Bc5 $1 $19 {[%mdl 512]} 48. Nxf3 {Threatening Qxe2.} Qxf2+ 49. Kh1 d2 ({Don't do} 49... Qxa2 50. Nd2 $17) 50. Nh4 $2 (50. Rb2 Qxf3+ {[%mdl 64] Decoy, Promotion} 51. Qxf3 d1=Q+ {[%mdl 64] Double Attack} 52. Kg2) 50... Qd4 (50... Re8 $142 {( -> ...Re1+)} 51. Ng2 Re1+ $1 {[%mdl 576] Promotion} 52. Qxe1 dxe1=Q+ 53. Rxe1 Qxa2 54. Re8+ Kh7) 51. Kg2 Qe4+ 52. Kh3 Be7 $2 (52... h5 {Hoping for ...Rf8.} 53. Ra1 Bd4 54. Qxd2 Bf6 $1 {[%mdl 576] Discovered Attack}) 53. Rb3 $2 {[#]} (53. Nf3) 53... Qe1 $1 {[%mdl 512]} 54. Qg4+ Bg5 55. Ng2 {[#]} Qf1 $1 {[%mdl 512]} 56. Rf3 {[#]} Qxf3 $1 {[%mdl 576] Promotion} 57. Qxf3 d1=Q 58. Qe4 Qd7+ 59. g4 Qd3+ {Accuracy: White = 38%, Black = 60%.} 0-1

[Event "5th EKA IIFL Investment 2019"]
[Site "Mumbai"]
[Date "2020.01.04"]
[Round "6.8"]
[White "Puranik, Abhimanyu"]
[Black "Mohammad Fahad, Rahman"]
[Result "0-1"]
[WhiteElo "2580"]
[BlackElo "2294"]
[Annotator "TA"]
[PlyCount "92"]
[EventDate "2019.12.30"]
[EventType "swiss"]
[EventCountry "IND"]
[SourceTitle "playchess.com"]
[Source "ChessBase"]
[SourceQuality "1"]

{[%evp 10,92,17,16,24,10,16,3,14,15,23,22,14,0,0,3,-4,-12,7,-14,0,-1,0,-79,-30,-33,-14,-6,-18,-26,6,-20,0,-16,-20,-40,0,-28,-20,-14,-12,-5,0,-9,0,0,13,16,0,0,12,18,18,0,0,0,0,-3,0,-63,-60,-70,-73,-72,-63,-192,-157,-181,-175,-179,-174,-390,-377,-523,-502,-511,-504,-797,-795,-1712,-1594,-29965,-29966,-5751,-5714]} 1. e4 e5 2. Nf3 Nc6 3. Bc4 Bc5 4. d3 Nf6 5. O-O d6 6. c3 a5 $146 {C54: Giuoco Piano: 4 c3 Nf6, main lines with 5 d4 and 5 d3} (6... a6 7. a4 Ba7 8. Re1 O-O 9. h3 Kh8 10. b4 Ng8 11. Nbd2 f5 12. b5 Nce7 13. bxa6 bxa6 14. Ba2 Nf6 15. exf5 Nxf5 {½-½ (30) Karjakin,S (2760)-Vitiugov,N (2732) Khanty-Mansiysk 2019}) 7. Nbd2 O-O 8. h3 h6 {The position is equal.} 9. Re1 Be6 10. Bb5 Qb8 11. Bxc6 bxc6 12. d4 exd4 13. cxd4 Bb6 14. a4 Re8 15. Qc2 Qa7 16. Qc3 (16. b3 $11 {keeps the balance.}) 16... Bd7 17. b3 c5 {[%cal Rc5d4]} 18. Bb2 cxd4 19. Nxd4 Bc5 20. Qd3 Rab8 21. Re2 Nh5 {Hoping for ...Nf4.} 22. g3 Nf6 23. Nb5 Qb7 24. Bxf6 gxf6 25. Nc3 Be6 26. Kh2 Qb4 ({Not} 26... Bxb3 $2 27. Rb1 $18) 27. Nb5 Rbc8 28. Qf3 c6 29. Nc3 Bd4 30. Rc1 Rb8 31. Qd3 Bc5 32. Qf3 Bd4 33. Qd3 Bc5 $36 {[%mdl 2048] Black has good play.} 34. f4 (34. Qf3 $11) 34... Qd4 $15 35. Qf3 f5 36. exf5 Bxf5 37. Nde4 {[#]} (37. Nce4 $1 $15) 37... d5 $1 $19 {[%cal Rd5e4]} 38. Nxc5 Qxc5 39. g4 Bd7 {...d4 is the strong threat.} 40. Rxe8+ $2 (40. Rce1) 40... Rxe8 41. Na2 Qd4 42. Rc2 Re3 43. Qf2 (43. Qf1 $142 h5 44. Re2) 43... Qe4 (43... Qd3 $2 44. Nc1 $19) 44. f5 d4 45. Nc1 {[#]} c5 $1 {[%mdl 512]} 46. Rxc5 Bc6 {Accuracy: White = 41%, Black = 62%.} 0-1

[Event "5th EKA IIFL Investment 2019"]
[Site "Mumbai"]
[Date "2020.01.04"]
[Round "6.9"]
[White "Yakubboev, Nodirbek"]
[Black "Sundararajan, Kidambi"]
[Result "1-0"]
[WhiteElo "2592"]
[BlackElo "2414"]
[Annotator "TA"]
[PlyCount "49"]
[EventDate "2019.12.30"]
[EventType "swiss"]
[EventCountry "IND"]
[SourceTitle "playchess.com"]
[Source "ChessBase"]
[SourceQuality "1"]

{[%evp 9,93,5,21,24,38,6,34,0,21,13,0,0,0,0,43,43,44,43,43,39,41,44,48,56,65,76,62,71,79,81,91,79,216,208,478,107,114,69,72,54,50,59,57,61,61,45,43,35,81,67,193,193,193,193,214,214,270,269,657,638,641,614,613,193,513,439,5387,3689,1292,1053,3206,1177,5097,4775,2397,2397,29971,29973,29976,29977,29977,29972,29978,29977,29969,29971]} 1. d4 Nf6 2. c4 e6 3. g3 d5 4. Bg2 Bb4+ 5. Bd2 (5. Nd2 O-O 6. Ngf3 dxc4 7. O-O b5 8. a4 c6 9. b3 c3 10. Nb1 Bb7 11. Qc2 c5 12. Nxc3 cxd4 13. Nxb5 Nc6 14. Qc4 Qe7 15. Nbxd4 {1-0 (33) Caruana,F (2819)-Naiditsch,A (2695) Karlsruhe/Baden Baden 2019}) 5... Bd6 6. Nc3 {[%cal Rc4d5] E01: Catalan: Early deviations} c6 7. Nf3 Nbd7 8. O-O {White is slightly better.} O-O 9. e4 Nxe4 10. Nxe4 dxe4 11. Ng5 Nf6 (11... Be7 {seems wilder.} 12. Nxe4 f5 13. Nc3 e5 14. d5 e4) 12. Nxe4 Nxe4 13. Bxe4 {[#]} f5 $146 ({Predecessor:} 13... Re8 14. Bc3 {½-½ (14) Filip,L (2395)-Istratescu,A (2589) Corund 2017}) 14. Bc2 c5 15. Bc3 b6 16. Re1 Qc7 17. Ba4 f4 {[%cal Rf4g3]} 18. Qe2 $1 fxg3 19. hxg3 cxd4 20. Bxd4 Bb7 (20... Qf7 $16) 21. Qxe6+ $18 Kh8 $2 {[#]} (21... Rf7 22. Be8 Rxe8 23. Qxe8+ Bf8) 22. Re3 $2 (22. Bc2 $1 $18 {and the rest is easy. White threatens Qh6! and mate.} Qf7 23. Qxd6) 22... Rad8 23. Rd1 {Black must now prevent Bc2.} Bc8 $1 {[%cal Rc8e6]} 24. Qh6 {aiming for Bc2.} Bxg3 {[#]} 25. Qxg7+ {Played: Bd4xg7} 1-0

[Event "5th EKA IIFL Investment 2019"]
[Site "Mumbai"]
[Date "2020.01.04"]
[Round "6.10"]
[White "Rajesh, V A V"]
[Black "Chanda, Sandipan"]
[Result "0-1"]
[WhiteElo "2393"]
[BlackElo "2545"]
[Annotator "TA"]
[PlyCount "123"]
[EventDate "2019.12.30"]
[EventType "swiss"]
[EventCountry "IND"]
[SourceTitle "playchess.com"]
[Source "ChessBase"]
[SourceQuality "1"]

{[%evp 12,123,38,39,56,25,23,16,35,-18,0,0,31,35,49,55,130,117,122,0,5,0,0,0,0,0,0,0,4,12,0,0,0,0,0,0,0,0,0,0,10,10,67,11,22,0,0,0,0,0,0,0,0,-12,-5,-5,0,-8,0,0,-8,-8,0,-47,-46,-70,-69,-258,-258,-258,-258,-258,-258,-258,-258,-258,-258,-258,-258,-258,-258,-258,-258,-250,-250,-250,-250,-251,-251,-251,-251,-251,-250,-250,-250,-250,-250,-250,-243,-243,-243,-243,-243,-243,-243,-243,-243,-152,-155,-236,-229,-229,-220,-29991]} 1. d4 f5 2. c4 Nf6 3. g3 e6 4. Bg2 g6 5. Nf3 Bg7 6. O-O O-O 7. Nc3 d5 {A87: Dutch Defence: Leningrad System: 5 Nf3} 8. Qd3 (8. Bf4 c6 9. Qc2 Nbd7 10. Rad1 Qe7 11. b3 Ne4 12. h4 h6 13. Qc1 Kh7 14. Na4 b6 15. Nb2 Bb7 16. Nd3 c5 {1-0 (41) Adly,A (2625)-Sandipan,C (2555) Tegernsee 2017}) 8... c6 9. Bf4 Nbd7 {The position is equal.} 10. Nd2 $146 ({White should play} 10. Rac1 $14) ({Predecessor:} 10. Ne5 Nh5 11. Nxd7 Nxf4 12. gxf4 Bxd7 13. e3 Bh6 14. b4 Rc8 15. a4 Kh8 16. Ra2 {½-½ (16) Bredemeier,D-Renner,K (2219) Germany 2007}) 10... b6 11. b4 {[%cal Bb2b4,Bb4b5][%mdl 32]} Ne4 12. cxd5 exd5 13. b5 Ndc5 (13... g5 $14) 14. dxc5 $16 {[%cal Rd2e4]} Nxc3 15. Rac1 ({White must play} 15. bxc6 $16 Qe8 16. Rae1 (16. Bxd5+ Nxd5 17. Qxd5+ Be6 $14)) 15... Nxb5 $11 16. cxb6 Bb7 17. a4 Nd4 18. Be3 Qxb6 19. a5 Qa6 20. Qxa6 Bxa6 21. Bxd4 $1 Bxd4 22. Rxc6 Bxe2 23. Re1 Rae8 24. Bxd5+ Kh8 25. Nb3 Bg7 26. Rc7 Re5 (26... a6 $11) 27. Bg2 ({White should try} 27. Rxa7 $14 f4 28. gxf4 {[%mdl 64] Overworked Piece} Rxf4 29. Ra8+ Rf8 30. Rxf8+ Bxf8 31. Bb7) 27... a6 28. Bf1 Bxf1 29. Kxf1 Rxe1+ 30. Kxe1 {[%mdl 4096] Endgame KRB-KRN} Rb8 31. Nd2 Bd4 32. Nc4 Rb1+ 33. Ke2 Rc1 34. Rc6 Rc3 35. f4 Kg7 36. Kd2 h5 37. Rc7+ Kh6 38. Rc6 {[#]} h4 $1 {[%mdl 512]} 39. Ne5 $2 (39. Rc8 $15) (39. gxh4 Kh5) 39... Bxe5 $1 $19 40. Rxc3 Bxc3+ 41. Kxc3 {KP-KP} Kh5 42. Kd4 {Black must now prevent Kc5.} Kg4 43. Kc5 {And now Kb6 would win.} hxg3 44. hxg3 Kxg3 45. Kb6 Kxf4 {Hoping for ...Ke5.} 46. Kxa6 {KPP-KP} Kg3 47. Kb6 {aiming for a6.} f4 48. a6 {Strongly threatening a7.} f3 49. a7 f2 50. a8=Q f1=Q {KQ-KQ} 51. Qa3+ Kg4 52. Qa4+ {Black is clearly better.} Kh5 53. Qe8 Qf6+ 54. Kc5 Qf5+ 55. Kd4 Kg4 56. Qe2+ {[#]} Qf3 $1 {[%cal Rf3e2]} ({Weaker is} 56... Kg5 57. Qe1 $17) 57. Qe6+ Kh5 {Threatens to win with ...Qg4+.} 58. Qe8 Qd1+ 59. Kc3 {[#]} Qd6 $1 60. Qe2+ (60. Kc4 $17) 60... Kh6 61. Qe3+ g5 {...Qa3+ is the strong threat.} 62. Qf3 $2 {Accuracy: White = 43%, Black = 61%.} (62. Kc2 $19) 0-1

[Event "5th EKA IIFL Investment 2019"]
[Site "Mumbai"]
[Date "2020.01.04"]
[Round "6.11"]
[White "Srihari, L R"]
[Black "Gholami, Aryan"]
[Result "1/2-1/2"]
[WhiteElo "2271"]
[BlackElo "2541"]
[Annotator "TA"]
[PlyCount "85"]
[EventDate "2019.12.30"]
[EventType "swiss"]
[EventCountry "IND"]
[SourceTitle "playchess.com"]
[Source "ChessBase"]
[SourceQuality "1"]

{[%evp 17,85,-7,0,-5,45,22,33,24,47,30,64,14,43,36,84,57,51,44,53,11,16,16,25,20,20,-4,-22,-62,-61,-47,-96,-310,-339,-374,-378,-382,-375,-383,-366,-385,-166,-152,-118,-118,-8,-407,-425,-397,-167,-167,-164,-164,-164,-131,-168,-134,-146,-156,-158,-75,-98,-84,-92,-144,-37,-70,-8,-8,-8,0]} 1. Nf3 c5 2. g3 g6 3. Bg2 Bg7 4. O-O Nc6 5. c3 e5 6. e4 Nge7 7. d3 O-O 8. a3 d6 9. b4 b6 10. b5 {A04: Unusual lines after 1 Nf3 and King's Indian Attack} (10. Nbd2 h6 11. Re1 Be6 12. Bb2 Qd7 13. Nc4 Rad8 14. b5 Nb8 15. a4 Qc7 16. a5 Nd7 17. axb6 axb6 18. Qa4 {1-0 (65) Petrosian,T (2601)-Vachier Lagrave,M (2789) Riadh 2017}) 10... Nb8 11. c4 Nd7 $146 ({Predecessor:} 11... a6 12. bxa6 Nxa6 13. Nc3 Nc7 14. Rb1 Ne6 15. a4 Bd7 16. Bd2 Ra6 17. Nb5 Bc6 {1-0 (32) Tanriverdi,E (2317)-Brahami,L (1996) Konya 2018}) 12. Bb2 {White is slightly better.} Bb7 13. Nc3 h6 14. Rb1 Qc7 15. Nh4 f5 16. exf5 Bxg2 17. Nxg2 gxf5 18. Ne3 Nf6 19. f4 Qd7 20. Qf3 Rae8 21. fxe5 dxe5 22. Rbd1 f4 $1 {[%cal Rf4e3]} 23. gxf4 exf4 24. Ng2 $2 (24. Ne4 $17) 24... Ng4 $19 25. Kh1 Ng6 26. Ba1 Ne3 27. Nxe3 fxe3 28. Qc6 Qxc6+ (28... Rxf1+ $142 29. Rxf1 e2 30. Nxe2 Qxc6+ 31. bxc6 Bxa1) 29. bxc6 Rxf1+ 30. Rxf1 Ne5 (30... Rc8 $17 31. Re1 Rxc6) 31. Nd5 $2 {[%mdl 8192]} (31. Rg1 $11 Nf3 32. Rg2) 31... e2 $1 {[%cal Re2f1]} 32. Rg1 {[#]} Nf3 (32... Ng6 $142 $1 {[%mdl 512]} 33. Re1 (33. Rxg6 e1=Q+) 33... Bxa1) 33. Rxg7+ ({But not} 33. Nf6+ $2 Kf7 $19) 33... Kf8 34. Bc3 e1=Q+ 35. Bxe1 Rxe1+ 36. Kg2 Kxg7 {[%mdl 4096] Endgame} 37. c7 {[#]} Re8 $1 {Strongly threatening ...Nh4+.} ({Weaker is} 37... Nh4+ 38. Kf2 $14) 38. Kxf3 {Threatens to win with Ne7!} Kf7 39. Kg4 {Hoping for Kf5.} Ke6 40. a4 {[#]} (40. Kh5 $142) 40... Rf8 ({Black should play} 40... Rc8 $1 $17 41. Kh5 a6 42. Nxb6 Rxc7 43. Kxh6 Rf7) 41. Kh5 $15 Kd7 ({Better is} 41... Rh8 $1 $15) 42. h4 $11 Rf3 43. Kxh6 {Accuracy: White = 40%, Black = 28%.} 1/2-1/2

[Event "5th EKA IIFL Investment 2019"]
[Site "Mumbai"]
[Date "2020.01.04"]
[Round "6.12"]
[White "Deepan Chakkravarthy J."]
[Black "Moksh Amit Doshi"]
[Result "1-0"]
[WhiteElo "2535"]
[BlackElo "2399"]
[Annotator "TA"]
[PlyCount "67"]
[EventDate "2019.12.30"]
[EventType "swiss"]
[EventCountry "IND"]
[SourceTitle "playchess.com"]
[Source "ChessBase"]
[SourceQuality "1"]

{[%evp 11,67,-7,0,0,0,0,0,0,6,8,16,0,0,0,0,0,2,0,0,0,0,-6,0,0,8,3,16,17,10,8,25,25,27,26,30,27,21,22,89,90,170,164,157,161,154,153,247,247,254,266,272,250,486,462,601,584,594,566]} 1. Nf3 d5 2. c4 d4 3. g3 Nc6 4. Bg2 e5 5. O-O Nf6 6. d3 a5 7. e3 {A09: Réti Opening: 1 Nf3 d5 2 c4} dxe3 8. Bxe3 Be7 9. Nc3 {The position is equal.} O-O 10. d4 exd4 11. Nxd4 Nxd4 12. Qxd4 Qxd4 13. Bxd4 c6 14. Na4 (14. b3 Be6 {1-0 (40) Tomashevsky,E (2731)-Svidler,P (2745) Moscow 2016}) 14... Be6 {[#]} 15. b3 $146 Nd7 16. Rad1 Rfd8 17. Bf3 Kf8 18. Kg2 Rac8 19. Rfe1 Bb4 20. Re3 b5 21. cxb5 cxb5 22. Nc3 Bxc3 $1 23. Bxc3 b4 24. Bd4 Nf6 (24... Rc2 $11 {remains equal.}) 25. Red3 $36 {[%mdl 2048] Black is under strong pressure.} Bd5 (25... Ke8 $16 {was called for.}) 26. Bb6 $18 Bxf3+ 27. Kxf3 Rxd3+ 28. Rxd3 {[%mdl 4096] Endgame KRB-KRN} Ra8 {[#]} (28... Ke8 $16 {was worth a try.} 29. Bxa5 Rb8) 29. Rd8+ $1 Rxd8 30. Bxd8 Nd5 31. Bxa5 Ke7 $2 {[#]} (31... Ke8 {keeps fighting.} 32. Ke4 Nc3+ 33. Kd4 Nxa2) 32. Ke4 $1 {[%cal Re4d5] White is clearly winning.} Nc3+ 33. Kd4 Nxa2 34. Kc4 {Accuracy: White = 96%, Black = 49%.} 1-0